[Event "Titled Tuesday intern op 02nd Apr Early"]
[Site "Chess.com INT"]
[Date "2024.04.02"]
[Round "4"]
[White "Teimouri Yadkuri, Shahdad"]
[Black "Ciolacu, Alessia Mihaela"]
[Result "0-1"]
[WhiteElo "2201"]
[BlackElo "2188"]
[PlyCount "86"]
[EventDate "2024.04.02"]
[EventType "swiss (blitz)"]
[EventRounds "11"]
[EventCountry "USA"]
[SourceTitle "CB15_2024"]
[SourceDate "2024.04.10"]
[SourceVersion "1"]
[SourceVersionDate "2024.04.10"]
[SourceQuality "1"]

1. Nf3 g6 2. g3 Bg7 3. Bg2 c5 4. 0-0 Nc6 5. c4 Nf6 6. Nc3 0-0 7. d4 cxd4 8. Nxd4 Nxd4 9. Qxd4 d6 10. Qd3 a6 11. b3 Rb8 12. a4 Bf5 13. e4 Be6 14. Bb2 Nd7 15. Rad1 Nc5 16. Qc2 Re8 17. b4 Nd7 18. Nd5 Bxb2 19. Qxb2 Ne5 20. Qd4 Nc6 21. Qc3 Bd7 22. f4 Rc8 23. f5 Ne5 24. c5 Bxa4 25. Rd2 Bb5 26. Rfd1 a5 27. fxg6 hxg6 28. Kh1 axb4 29. Nxb4 Qa5 30. Ra1 Rxc5 31. Rxa5 Rxc3 32. Rxb5 Rc1+ 33. Bf1 Rxf1+ 34. Kg2 Rb1 35. Rxb7 Nc6 36. Rc2 Rxb4 37. Rd7 Ne5 38. Ra7 Rxe4 39. h4 Re3 40. Rcc7 Re2+ 41. Kh3 Nf3 42. Kg4 Nh2+ 43. Kg5 Kg7 0-1

[Event "ROM-ch (Women)"]
[Site "Eforie Nord"]
[Date "2024.03.01"]
[Round "8"]
[White "Cosma, Elena Luminita"]
[Black "Ciolacu, Alessia Mihaela"]
[Result "1/2-1/2"]
[WhiteElo "2238"]
[BlackElo "2175"]
[PlyCount "80"]
[EventDate "2024.02.24"]
[EventType "swiss"]
[EventRounds "9"]
[EventCountry "ROU"]
[SourceTitle "CB10_2024"]
[SourceDate "2024.03.06"]
[SourceVersion "1"]
[SourceVersionDate "2024.03.06"]
[SourceQuality "1"]

1. Nf3 Nf6 2. g3 d5 3. Bg2 e6 4. 0-0 c5 5. c4 d4 6. e3 Nc6 7. exd4 cxd4 8. d3 Bd6 9. Na3 0-0 10. Nc2 e5 11. b4 Re8 12. c5 Bc7 13. Bg5 h6 14. Bxf6 Qxf6 15. Nd2 Bf5 16. Ne4 Qg6 17. Qd2 Ne7 18. Na3 Qa6 19. Nc4 Bxe4 20. Bxe4 f5 21. Bg2 e4 22. Rfc1 e3 23. fxe3 dxe3 24. Qxe3 f4 25. Qe4 fxg3 26. h3 Rab8 27. Re1 Qb5 28. Kh1 Kh8 29. a3 a5 30. Qg4 axb4 31. axb4 Qxb4 32. Nd6 Qxg4 33. hxg4 Bxd6 34. cxd6 Nc6 35. Bxc6 bxc6 36. d7 Red8 37. Ra7 Kg8 38. Re6 c5 39. Rc6 Rf8 40. Kg2 Rb2+ 1/2-1/2

[Event "ROM-ch (Women)"]
[Site "Eforie Nord"]
[Date "2024.02.26"]
[Round "4"]
[White "Ciolacu, Alessia Mihaela"]
[Black "Sandu, Mihaela"]
[Result "1-0"]
[WhiteElo "2175"]
[BlackElo "2270"]
[PlyCount "121"]
[EventDate "2024.02.24"]
[EventType "swiss"]
[EventRounds "9"]
[EventCountry "ROU"]
[SourceTitle "CB10_2024"]
[SourceDate "2024.03.06"]
[SourceVersion "1"]
[SourceVersionDate "2024.03.06"]
[SourceQuality "1"]

1. d4 Nf6 2. c4 e6 3. Nc3 Bb4 4. e3 0-0 5. Bd3 d5 6. Nge2 dxc4 7. Bxc4 c5 8. 0-0 Qc7 9. Bd3 Nbd7 10. a3 Bxc3 11. bxc3 e5 12. Bb2 e4 13. Bc2 Nb6 14. Ng3 Re8 15. Bb3 Be6 16. d5 c4 17. dxe6 cxb3 18. exf7+ Qxf7 19. c4 Nxc4 20. Bxf6 gxf6 21. Nf5 Kh8 22. Qxb3 Re5 23. Nh6 Qg7 24. Qxc4 Qxh6 25. Rfd1 Rg8 26. Rd7 Qh4 27. g3 Qh5 28. Rxb7 Rd8 29. Rxa7 Qf3 30. Rxh7+ Kxh7 31. Qc7+ Kg6 32. Qxd8 Rh5 33. Qg8+ Kh6 34. Qf8+ Kg6 35. Qg8+ Kh6 36. h4 Rf5 37. Qh8+ Kg6 38. Qg8+ Kh6 39. Qh8+ Kg6 40. Rf1 Ra5 41. Qe8+ Kh6 42. Qf7 Rh5 43. Rc1 Rf5 44. Rf1 Rh5 45. Qd7 Ra5 46. a4 Ra8 47. Rc1 Rb8 48. Qc7 Rb2 49. Qf4+ Qxf4 50. exf4 Ra2 51. Rc4 f5 52. g4 fxg4 53. Rxe4 Kh5 54. f5 Kxh4 55. f6 Ra3 56. f7 Rf3 57. Re7 Kg5 58. a5 Kg6 59. a6 Kg7 60. a7 Ra3 61. Re8 1-0

[Event "ROM-ch (Women)"]
[Site "Eforie Nord"]
[Date "2024.02.25"]
[Round "2"]
[White "Ciolacu, Alessia Mihaela"]
[Black "Aldea, Maria Antonia"]
[Result "1-0"]
[WhiteElo "2175"]
[BlackElo "1738"]
[PlyCount "85"]
[EventDate "2024.02.24"]
[EventType "swiss"]
[EventRounds "9"]
[EventCountry "ROU"]
[SourceTitle "CB10_2024"]
[SourceDate "2024.03.06"]
[SourceVersion "1"]
[SourceVersionDate "2024.03.06"]
[SourceQuality "1"]

1. d4 Nf6 2. c4 e6 3. Nf3 Bb4+ 4. Bd2 Qe7 5. g3 b6 6. Bg2 Bb7 7. 0-0 Bxd2 8. Qxd2 0-0 9. Nc3 d6 10. Rfe1 Ne4 11. Qc2 Nxc3 12. Ng5 Ne4 13. Bxe4 c6 14. Bxh7+ Kh8 15. h4 Nd7 16. Be4 Nf6 17. Bf3 g6 18. Rad1 Rad8 19. Qc3 Kg7 20. b4 d5 21. e4 Qd7 22. e5 Ng8 23. h5 Qe7 24. Qe3 Bc8 25. Kg2 Nh6 26. Rh1 Rh8 27. cxd5 cxd5 28. Qf4 Rdf8 29. Rc1 Bb7 30. Rh2 Rc8 31. Rch1 f6 32. exf6+ Qxf6 33. hxg6 Qxf4 34. Nxe6+ Kxg6 35. Nxf4+ Kg7 36. Ne6+ Kg6 37. Nf4+ Kg7 38. Rh5 Rc4 39. Ne6+ Kg6 40. Nf4+ Kg7 41. Rg5+ Kf7 42. Rg6 Rc6 43. Bxd5+ 1-0

[Event "Bucharest Firescu Memorial (Women)"]
[Site "Bucharest"]
[Date "2023.12.16"]
[Round "7"]
[White "Iordache, Alexia Andreea"]
[Black "Ciolacu, Alessia Mihaela"]
[Result "0-1"]
[WhiteElo "1770"]
[BlackElo "2175"]
[PlyCount "135"]
[EventDate "2023.12.16"]
[EventType "tourn (rapid)"]
[EventRounds "9"]
[EventCountry "ROU"]
[SourceTitle "CB51_2023"]
[SourceDate "2023.12.20"]
[SourceVersion "1"]
[SourceVersionDate "2023.12.20"]
[SourceQuality "1"]

1. e4 e5 2. Nf3 Nc6 3. Nc3 Nf6 4. d4 exd4 5. Nxd4 Bb4 6. Nxc6 bxc6 7. Bd3 0-0 8. 0-0 Re8 9. Bg5 h6 10. Bh4 d6 11. Qf3 g5 12. Bg3 Bg4 13. Qe3 d5 14. e5 d4 15. Qc1 dxc3 16. exf6 Qxf6 17. bxc3 Bxc3 18. Rb1 Be2 19. Bxe2 Rxe2 20. Qa3 Rxc2 21. Bxc7 Bd4 22. Bg3 h5 23. Qa4 Rc3 24. Rbd1 c5 25. Bc7 Qg6 26. Ba5 Rc2 27. Bd2 Rb2 28. Bc1 Re2 29. Qc4 Rae8 30. Be3 Qc2 31. Qxc2 Rxc2 32. Bxd4 cxd4 33. Rxd4 Rxa2 34. Rd5 f6 35. Rd7 h4 36. h3 Kf8 37. Rb1 Re7 38. Rb8+ Kf7 39. Rdd8 Re1+ 40. Kh2 Rxf2 41. Rb7+ Re7 42. Rdd7 Rfe2 43. Rxa7 Rxd7 44. Rxd7+ Ke6 45. Ra7 Kf5 46. Ra6 Ke5 47. Ra5+ Kf4 48. Ra4+ Re4 49. Ra5 f5 50. Kg1 Rb4 51. Rc5 g4 52. hxg4 fxg4 53. Rc8 Rb1+ 54. Kf2 Rb2+ 55. Kg1 Rb4 56. Rh8 Kg3 57. Kf1 Rb1+ 58. Ke2 Rb2+ 59. Kf1 Rf2+ 60. Ke1 Rxg2 61. Ra8 Rb2 62. Kf1 Rb1+ 63. Ke2 Kg2 64. Ra2 h3 65. Ke3+ Kg3 66. Ke4 h2 67. Ra3+ Kh4 68. Ra8 0-1

[Event "ROM GP KO final"]
[Site "Alba Iulia"]
[Date "2023.12.05"]
[Round "2.1"]
[White "Ciolacu, Alessia Mihaela"]
[Black "Lupulescu, Constantin"]
[Result "0-1"]
[WhiteElo "2175"]
[BlackElo "2589"]
[PlyCount "75"]
[EventDate "2023.12.05"]
[EventType "k.o."]
[EventRounds "3"]
[EventCountry "ROU"]
[SourceTitle "CB50_2023"]
[SourceDate "2023.12.13"]
[SourceVersion "1"]
[SourceVersionDate "2023.12.13"]
[SourceQuality "1"]

1. d4 Nf6 2. c4 e6 3. Nf3 d5 4. g3 Bb4+ 5. Bd2 Bd6 6. Nc3 0-0 7. Bg5 Be7 8. Bg2 Nbd7 9. 0-0 dxc4 10. e4 h6 11. Bxf6 Bxf6 12. Qe2 e5 13. dxe5 Nxe5 14. Nxe5 Bxe5 15. Rad1 Qe7 16. Qxc4 c6 17. Qe2 Be6 18. Rd2 Qb4 19. Qe3 Qb6 20. Rfd1 Qxe3 21. fxe3 Rfe8 22. Kf2 Kf8 23. Bf3 Ke7 24. Ke2 Red8 25. a3 Rxd2+ 26. Rxd2 h5 27. Kf2 h4 28. g4 Bxh2 29. Kg2 Be5 30. Ne2 Rd8 31. Rc2 Bb3 32. Rc1 Rd2 33. Kh3 g5 34. Rc5 f6 35. Kg2 Rxb2 36. Rc1 Kd6 37. Kf2 c5 38. Ra1 0-1

[Event "ROM GP Final GpA"]
[Site "Alba Iulia"]
[Date "2023.12.04"]
[Round "2"]
[White "Ciolacu, Alessia Mihaela"]
[Black "Ardelean, George Catalin"]
[Result "0-1"]
[WhiteElo "2175"]
[BlackElo "2433"]
[PlyCount "76"]
[EventDate "2023.12.04"]
[EventType "tourn (rapid)"]
[EventRounds "6"]
[EventCountry "ROU"]
[EventCategory "5"]
[SourceTitle "CB49_2023"]
[SourceDate "2023.12.06"]
[SourceVersion "1"]
[SourceVersionDate "2023.12.06"]
[SourceQuality "1"]

1. d4 Nf6 2. c4 c5 3. d5 e6 4. Nc3 exd5 5. cxd5 d6 6. Nf3 g6 7. Nd2 Bg7 8. e4 0-0 9. Be2 Na6 10. 0-0 Nc7 11. a4 b6 12. Qc2 Re8 13. Re1 Rb8 14. h3 h6 15. f4 Na6 16. Bb5 Nb4 17. Qd1 Re7 18. Nf3 Bb7 19. Bc4 Re8 20. Bd2 a6 21. Qb3 Ba8 22. Rad1 Qd7 23. e5 dxe5 24. fxe5 Nfxd5 25. Nxd5 Nxd5 26. Bc3 Red8 27. Bxa6 Qc7 28. e6 Nxc3 29. bxc3 Bxf3 30. Rxd8+ Rxd8 31. e7 Re8 32. gxf3 Qg3+ 33. Kf1 Qxf3+ 34. Kg1 Qg3+ 35. Kf1 Qxh3+ 36. Kg1 Qg3+ 37. Kf1 Qh3+ 38. Kg1 Bd4+ 0-1

[Event "ROM-chT Rapid (Women)"]
[Site "Sebes"]
[Date "2023.12.02"]
[Round "6.3"]
[White "Ciolacu, Alessia Mihaela"]
[Black "Pitigoi, Sabina Andreea"]
[Result "1-0"]
[WhiteElo "2175"]
[BlackElo "1697"]
[PlyCount "97"]
[EventDate "2023.12.02"]
[EventType "team-tourn (rapid)"]
[EventRounds "7"]
[EventCountry "ROU"]
[SourceTitle "CB49_2023"]
[SourceDate "2023.12.06"]
[SourceVersion "1"]
[SourceVersionDate "2023.12.06"]
[SourceQuality "1"]
[WhiteTeam "Bucharest ASE (W)"]
[BlackTeam "Dinamo (W)"]
[WhiteTeamCountry "ROU"]
[BlackTeamCountry "ROU"]

1. Nf3 c5 2. e3 g6 3. d4 Bg7 4. c4 Nf6 5. Nc3 cxd4 6. Nxd4 0-0 7. Be2 d6 8. 0-0 Nbd7 9. b3 Nc5 10. Bb2 Bd7 11. Nd5 Rc8 12. f3 e6 13. Nxf6+ Bxf6 14. e4 a6 15. Qd2 e5 16. Nc2 Qb6 17. Kh1 Ne6 18. Rad1 Rfd8 19. g3 Bc6 20. Ba3 Bg5 21. Qb4 Qxb4 22. Bxb4 Nc5 23. Bd2 Nxe4 24. fxe4 Bxe4+ 25. Bf3 Bxc2 26. Bxg5 Bxd1 27. Rxd1 Rd7 28. Bf6 Re8 29. Bg4 Rc7 30. Rxd6 e4 31. Kg1 h5 32. Bd7 Rf8 33. Kf2 Rc5 34. Ke3 Ra5 35. a4 b5 36. cxb5 axb5 37. Bxb5 Ra7 38. Kxe4 Rc7 39. Bc6 Rfc8 40. Bd5 Re8+ 41. Kd3 Kf8 42. a5 Rc1 43. a6 Rd1+ 44. Kc4 Rc8+ 45. Kb5 Rdc1 46. a7 R1c5+ 47. Kb4 Rxd5 48. Rxd5 Ke8 49. Rd8+ 1-0

[Event "EU-chT (Women) 24th"]
[Site "Budva"]
[Date "2023.11.12"]
[Round "2.9"]
[White "Ciolacu, Alessia Mihaela"]
[Black "Pavlidou, Ekaterini"]
[Result "0-1"]
[WhiteElo "2175"]
[BlackElo "2143"]
[PlyCount "74"]
[EventDate "2023.11.11"]
[EventType "team-swiss"]
[EventRounds "9"]
[EventCountry "MNE"]
[SourceTitle "CB47_2023"]
[SourceDate "2023.11.22"]
[SourceVersion "1"]
[SourceVersionDate "2023.11.22"]
[SourceQuality "1"]
[WhiteTeam "Romania (W)"]
[BlackTeam "Greece (W)"]
[WhiteTeamCountry "ROU"]
[BlackTeamCountry "GRE"]

1. d4 Nf6 2. c4 e6 3. Nc3 Bb4 4. a3 Bxc3+ 5. bxc3 c5 6. f3 Nc6 7. e4 d6 8. d5 Na5 9. Bd3 b6 10. Ne2 Ba6 11. 0-0 Qd7 12. Ng3 Bxc4 13. Bxc4 Nxc4 14. Qe2 Qa4 15. Bg5 Nd7 16. f4 0-0 17. Nh5 exd5 18. Bh6 f5 19. exf5 gxh6 20. Qg4+ Kf7 21. Rae1 Rg8 22. Qf3 Qc6 23. Re6 Nd2 24. Qe2 Ne4 25. Rxh6 Rae8 26. Rxh7+ Kf8 27. Qa6 Nef6 28. Nxf6 Nxf6 29. Rh6 Ng4 30. Rh7 Nf6 31. Rh6 Kf7 32. Qxa7+ Re7 33. Qa6 c4 34. Rb1 Qc5+ 35. Kh1 Qf2 36. g3 Qf3+ 37. Kg1 Qe3+ 0-1

[Event "Wch U20 Girls Blitz"]
[Site "Pula"]
[Date "2023.10.15"]
[Round "11"]
[White "Ciolacu, Alessia Mihaela"]
[Black "Bordin, Silvia"]
[Result "1-0"]
[WhiteElo "2199"]
[BlackElo "1942"]
[PlyCount "46"]
[EventDate "2023.10.14"]
[EventType "swiss (blitz)"]
[EventRounds "11"]
[EventCountry "ITA"]
[SourceTitle "Mega2024 Update 01"]
[Source "Chessbase"]
[SourceDate "2023.11.12"]
[SourceVersion "1"]
[SourceVersionDate "2023.11.12"]
[SourceQuality "1"]

1. Nf3 d5 2. e3 e6 3. c4 c5 4. b3 Nc6 5. Bb2 Nf6 6. cxd5 exd5 7. Be2 Bd6 8. 0-0 0-0 9. d4 b6 10. Nc3 Bb7 11. Rc1 Re8 12. dxc5 Bxc5 13. Nb5 Rc8 14. Nbd4 Nxd4 15. Nxd4 Ne4 16. Bb5 Rf8 17. Nf5 f6 18. Qg4 Qc7 19. b4 Rcd8 20. bxc5 bxc5 21. Ba3 a6 22. Bd3 Bc8 23. Bxe4 dxe4 1-0

[Event "Wch U20 Girls Blitz"]
[Site "Pula"]
[Date "2023.10.14"]
[Round "2"]
[White "Ciolacu, Alessia Mihaela"]
[Black "Kairbekova, Amina"]
[Result "0-1"]
[WhiteElo "2199"]
[BlackElo "2198"]
[PlyCount "89"]
[EventDate "2023.10.14"]
[EventType "swiss (blitz)"]
[EventRounds "11"]
[EventCountry "ITA"]
[SourceTitle "Mega2024 Update 01"]
[Source "Chessbase"]
[SourceDate "2023.11.12"]
[SourceVersion "1"]
[SourceVersionDate "2023.11.12"]
[SourceQuality "1"]

1. d4 Nf6 2. Bg5 g6 3. Bxf6 exf6 4. Nf3 d5 5. e3 Bd6 6. c4 c6 7. cxd5 cxd5 8. Nc3 Be6 9. Qb3 Qd7 10. Bb5 Nc6 11. 0-0 0-0 12. Na4 Bg4 13. Nd2 Bc7 14. Nc5 Qd6 15. g3 Na5 16. Qc2 a6 17. Bd3 b5 18. b3 Bb6 19. Rac1 Rac8 20. Qb2 Bxc5 21. dxc5 Qe5 22. Qa3 Qc7 23. b4 Nc4 24. Bxc4 bxc4 25. Qc3 Qc6 26. Rfe1 d4 27. exd4 Rfe8 28. Nxc4 Bh3 29. f3 Be6 30. Ne3 Bxa2 31. Qd2 Bd5 32. Nxd5 Qxd5 33. Kf2 Red8 34. Rcd1 Qc4 35. d5 a5 36. c6 axb4 37. d6 Qxc6 38. d7 Rb8 39. Re7 Qc5+ 40. Re3 b3 41. Rde1 b2 42. Kg2 b1Q 43. Rxb1 Rxb1 44. Re8+ Kg7 45. h4 0-1

[Event "Wch U20 Girls Blitz"]
[Site "Pula"]
[Date "2023.10.14"]
[Round "5"]
[White "Katter, Katharina"]
[Black "Ciolacu, Alessia Mihaela"]
[Result "0-1"]
[WhiteElo "1905"]
[BlackElo "2199"]
[PlyCount "74"]
[EventDate "2023.10.14"]
[EventType "swiss (blitz)"]
[EventRounds "11"]
[EventCountry "ITA"]
[SourceTitle "Mega2024 Update 01"]
[Source "Chessbase"]
[SourceDate "2023.11.12"]
[SourceVersion "1"]
[SourceVersionDate "2023.11.12"]
[SourceQuality "1"]

1. d4 Nf6 2. Nf3 e6 3. c4 Bb4+ 4. Nbd2 0-0 5. a3 Bxd2+ 6. Qxd2 b6 7. e3 Bb7 8. Be2 d5 9. b3 Qe7 10. Bb2 Rd8 11. Qc2 dxc4 12. bxc4 c5 13. 0-0 Nc6 14. Rfd1 cxd4 15. exd4 Rac8 16. Rac1 Na5 17. Qa4 Rc7 18. Ne5 Rdc8 19. Bc3 Nc6 20. Nxc6 Bxc6 21. Qb3 Ne4 22. Bb4 Qg5 23. f3 Nf6 24. Bd6 Rd7 25. Be5 Nh5 26. Bf1 Rcd8 27. Qc3 f6 28. Bg3 Nxg3 29. hxg3 Qxg3 30. Qe3 Rd6 31. Rc2 Ba4 32. Rcd2 Bxd1 33. Rxd1 Qh4 34. Be2 Rxd4 35. Rc1 R4d6 36. c5 bxc5 37. Rxc5 Qd4 0-1

[Event "Wch U20 Girls Rapid"]
[Site "Pula"]
[Date "2023.10.12"]
[Round "10"]
[White "Esadze, Tamari"]
[Black "Ciolacu, Alessia Mihaela"]
[Result "0-1"]
[WhiteElo "1944"]
[BlackElo "2199"]
[PlyCount "68"]
[EventDate "2023.10.10"]
[EventType "swiss (rapid)"]
[EventRounds "11"]
[EventCountry "ITA"]
[SourceTitle "Mega2024 Update 01"]
[Source "Chessbase"]
[SourceDate "2023.11.12"]
[SourceVersion "1"]
[SourceVersionDate "2023.11.12"]
[SourceQuality "1"]

1. e4 c5 2. Nf3 d6 3. d4 cxd4 4. Nxd4 Nf6 5. Nc3 a6 6. Bg5 Nbd7 7. Be2 h6 8. Be3 e6 9. 0-0 Be7 10. f4 Qc7 11. Bf3 Nc5 12. Nb3 Nxb3 13. axb3 Bd7 14. Qe2 Bc6 15. f5 e5 16. Qd3 0-0 17. Nd5 Bxd5 18. exd5 Rfe8 19. Be4 b5 20. Kh1 Rec8 21. Rac1 Qb7 22. Rf3 a5 23. Rg3 Kh8 24. Bf3 a4 25. Qd2 Bf8 26. bxa4 Rxa4 27. b3 Ra2 28. Rh3 e4 29. Be2 Qxd5 30. Bd4 Qxf5 31. Rf1 Rcxc2 32. Qd1 Qe6 33. Bxb5 Rxg2 34. Rg1 Qxh3 0-1

[Event "Wch U20 Girls Rapid"]
[Site "Pula"]
[Date "2023.10.12"]
[Round "11"]
[White "Sevcikova, Lucia"]
[Black "Ciolacu, Alessia Mihaela"]
[Result "1/2-1/2"]
[WhiteElo "2042"]
[BlackElo "2199"]
[PlyCount "75"]
[EventDate "2023.10.10"]
[EventType "swiss (rapid)"]
[EventRounds "11"]
[EventCountry "ITA"]
[SourceTitle "Mega2024 Update 01"]
[Source "Chessbase"]
[SourceDate "2023.11.12"]
[SourceVersion "1"]
[SourceVersionDate "2023.11.12"]
[SourceQuality "1"]

1. d4 Nf6 2. c4 e6 3. Nc3 Bb4 4. Qc2 Nc6 5. Nf3 d6 6. a3 Bxc3+ 7. Qxc3 h6 8. e3 Qe7 9. b4 0-0 10. b5 Nb8 11. Bb2 Nbd7 12. Bd3 Re8 13. 0-0 e5 14. Bc2 c6 15. a4 e4 16. Nd2 d5 17. cxd5 cxd5 18. Ba3 Qe6 19. Nb3 Nf8 20. Nc5 Qg4 21. f3 exf3 22. Rxf3 Qh5 23. Raf1 Bg4 24. Rg3 b6 25. Nb3 Rac8 26. Qd2 Rxc2 27. Qxc2 Rc8 28. Qd3 Ne4 29. Rxg4 Qxg4 30. Rc1 Qf5 31. Qf1 Qg5 32. Rxc8 Qxe3+ 33. Kh1 Nf2+ 34. Kg1 Nh3+ 35. Kh1 Nf2+ 36. Kg1 Ne4+ 37. Kh1 Nf2+ 38. Kg1 1/2-1/2

[Event "Wch U20 Girls 39th"]
[Site "Mexico City"]
[Date "2023.10.01"]
[Round "11"]
[White "Ciolacu, Alessia Mihaela"]
[Black "Vanduyfhuys, Daria"]
[Result "1/2-1/2"]
[WhiteElo "2199"]
[BlackElo "2088"]
[PlyCount "149"]
[EventDate "2023.09.21"]
[EventType "swiss"]
[EventRounds "11"]
[EventCountry "MEX"]
[SourceTitle "EXT 2024"]
[Source "ChessBase"]
[SourceDate "2023.10.10"]
[SourceVersion "1"]
[SourceVersionDate "2023.10.10"]
[SourceQuality "1"]

1. d4 Nf6 2. c4 e6 3. Nc3 d5 4. Nf3 Be7 5. Bf4 0-0 6. e3 c6 7. Be2 Nbd7 8. Rc1 dxc4 9. Bxc4 b5 10. Bd3 a6 11. e4 Bb7 12. e5 Nd5 13. Nxd5 exd5 14. h4 Re8 15. Ng5 Nf8 16. Qh5 g6 17. Qg4 h6 18. Nf3 h5 19. Qg3 Qd7 20. 0-0 Rac8 21. Rfe1 Bb4 22. Re2 Ne6 23. Bh6 Kh7 24. Bg5 Bf8 25. Bd2 c5 26. Ng5+ Nxg5 27. Qxg5 Qg4 28. dxc5 Qxg5 29. Bxg5 Rxc5 30. Rec2 Rec8 31. Be3 Rxc2 32. Rxc2 Rxc2 33. Bxc2 Kg8 34. g3 Bg7 35. Bd4 Kf8 36. f4 Bc8 37. Kf2 Ke7 38. Ke3 Bg4 39. Bd3 Ke6 40. Bf1 Bf8 41. a3 Kd7 42. Bd3 Kc6 43. b4 Be7 44. Bf1 Bf8 45. Bg2 Be6 46. Bf3 Be7 47. Kd2 Bf8 48. Kc3 Be7 49. Ba7 Bf8 50. Kd4 Be7 51. Bc5 Bd8 52. Ke3 Bc7 53. Kd4 Bd8 54. f5 gxf5 55. Bxh5 f4 56. gxf4 Bxh4 57. Ke3 Kd7 58. Bd4 Ke7 59. Bf3 Bg3 60. Bb2 Bh2 61. f5 Bxf5 62. Bxd5 Bg1+ 63. Kf4 Bc8 64. Ke4 Bh3 65. Kd3 Bf5+ 66. Ke2 Bc8 67. Kf3 Bb6 68. Kf4 Be6 69. Bb7 a5 70. Ke4 axb4 71. axb4 Bh3 72. Ba6 Bg2+ 73. Kf5 Bh3+ 74. Ke4 Bg2+ 75. Kf5 1/2-1/2

[Event "Wch U20 Girls 39th"]
[Site "Mexico City"]
[Date "2023.09.30"]
[Round "10"]
[White "Mkrtchyan, Mariam"]
[Black "Ciolacu, Alessia Mihaela"]
[Result "1-0"]
[WhiteElo "2343"]
[BlackElo "2199"]
[PlyCount "111"]
[EventDate "2023.09.21"]
[EventType "swiss"]
[EventRounds "11"]
[EventCountry "MEX"]
[SourceTitle "EXT 2024"]
[Source "ChessBase"]
[SourceDate "2023.10.10"]
[SourceVersion "1"]
[SourceVersionDate "2023.10.10"]
[SourceQuality "1"]

1. d4 Nf6 2. c4 e6 3. Nf3 Bb4+ 4. Nbd2 b6 5. a3 Bxd2+ 6. Bxd2 Bb7 7. Bg5 h6 8. Bh4 d6 9. e3 Nbd7 10. Nd2 0-0 11. f3 c5 12. Rc1 Re8 13. Be2 d5 14. 0-0 Rc8 15. dxc5 bxc5 16. Bf2 a5 17. Nb1 Bc6 18. Nc3 Rb8 19. Rc2 Nb6 20. cxd5 exd5 21. Qc1 Nbd7 22. Rd1 Rb3 23. Rdd2 Qe7 24. Bf1 Reb8 25. Ne2 g5 26. Ng3 Qe5 27. e4 dxe4 28. Bxc5 e3 29. Rd1 Nxc5 30. Rxc5 Bd5 31. Bc4 e2 32. Nxe2 Rxb2 33. Rcxd5 Nxd5 34. Rxd5 Qc7 35. Bd3 Qxc1+ 36. Nxc1 Rc8 37. Ne2 a4 38. Bb5 Ra2 39. Rd4 Rc5 40. Rb4 Ra1+ 41. Kf2 Rxa3 42. Bxa4 Rd3 43. Rb7 f6 44. Bb3+ Kf8 45. h3 h5 46. h4 Ke8 47. hxg5 fxg5 48. Bf7+ Kf8 49. Bxh5 Re5 50. Rb2 Kg7 51. Ng3 Rd1 52. Rb7+ Kh6 53. Rb6+ Kh7 54. Ne4 Rh1 55. Rb7+ Kh8 56. Nf6 1-0

[Event "Wch U20 Girls 39th"]
[Site "Mexico City"]
[Date "2023.09.28"]
[Round "8"]
[White "Ivan, Reka Gyogyver"]
[Black "Ciolacu, Alessia Mihaela"]
[Result "0-1"]
[WhiteElo "1857"]
[BlackElo "2199"]
[PlyCount "120"]
[EventDate "2023.09.21"]
[EventType "swiss"]
[EventRounds "11"]
[EventCountry "MEX"]
[SourceTitle "EXT 2024"]
[Source "ChessBase"]
[SourceDate "2023.10.10"]
[SourceVersion "1"]
[SourceVersionDate "2023.10.10"]
[SourceQuality "1"]

1. d4 Nf6 2. Bg5 g6 3. Bxf6 exf6 4. c4 d5 5. cxd5 Qxd5 6. Nc3 Qd8 7. g3 Bg7 8. e3 0-0 9. Bg2 f5 10. Nge2 Nd7 11. 0-0 Nf6 12. Qd3 Re8 13. Rfc1 Bf8 14. a3 a5 15. Qc2 c6 16. Rd1 Bd6 17. Rac1 Qe7 18. d5 cxd5 19. Nb5 Be6 20. Nxd6 Qxd6 21. Qc3 Bd7 22. Nf4 Bc6 23. Qd4 Rad8 24. Rc5 b6 25. Rc3 Ba8 26. Rb3 Rb8 27. Nxd5 Bxd5 28. Bxd5 Nxd5 29. Qxd5 Qe6 30. Rb5 Qe7 31. Qc6 Qb7 32. Qxb7 Rxb7 33. Rd6 Re6 34. Rd3 Rc7 35. Rd8+ Kg7 36. Rb8 Rcc6 37. Rb7 Kf6 38. Kg2 Red6 39. h4 Kg7 40. b4 Rc2 41. bxa5 Rdd2 42. R7xb6 Rxf2+ 43. Kg1 Rg2+ 44. Kh1 Ra2 45. a6 Rge2 46. Rb2 Ra1+ 47. Rb1 Rxa3 48. R1b3 Raa2 49. Rb1 Rxe3 50. R1b2 Rxb2 51. Rxb2 Ra3 52. Kh2 Rxa6 53. Kg2 Ra4 54. Kf3 Rg4 55. Rb5 h5 56. Rc5 f4 57. gxf4 Rxh4 58. Rg5 Rh1 59. Kg2 Ra1 60. f5 Kf6 0-1

[Event "Wch U20 Girls 39th"]
[Site "Mexico City"]
[Date "2023.09.24"]
[Round "5"]
[White "Ciolacu, Alessia Mihaela"]
[Black "Rakshitta, Ravi"]
[Result "0-1"]
[WhiteElo "2199"]
[BlackElo "2272"]
[PlyCount "128"]
[EventDate "2023.09.21"]
[EventType "swiss"]
[EventRounds "11"]
[EventCountry "MEX"]
[SourceTitle "EXT 2024"]
[Source "ChessBase"]
[SourceDate "2023.10.10"]
[SourceVersion "1"]
[SourceVersionDate "2023.10.10"]
[SourceQuality "1"]

1. d4 f5 2. Bg5 g6 3. e3 Bg7 4. h4 d6 5. Nc3 h6 6. Bf4 Nf6 7. Bc4 Nc6 8. Bh2 Na5 9. Bd3 0-0 10. d5 c5 11. Nf3 b5 12. Bxb5 Rb8 13. 0-0 a6 14. Be2 Rxb2 15. Qc1 Rb4 16. a3 Rb8 17. Rb1 Rxb1 18. Qxb1 Bb7 19. Qa2 Ng4 20. Nb1 Nxh2 21. Kxh2 Qa8 22. c4 Rb8 23. Qd2 Nb3 24. Qd3 Bc8 25. Nc3 Na5 26. Rb1 Rxb1 27. Nxb1 Qb8 28. Qc2 e6 29. Qa4 Qc7 30. dxe6 Kf8 31. g3 Bxe6 32. Nbd2 Bd7 33. Qc2 Nc6 34. Qd3 Ne5 35. Nxe5 Bxe5 36. e4 Qb7 37. h5 fxe4 38. Qe3 g5 39. Nxe4 Qb2 40. Qf3+ Kg7 41. Bd3 Qd4 42. Nd2 Qg4 43. Kg2 Qxf3+ 44. Kxf3 g4+ 45. Ke4 Bd4 46. f4 gxf3 47. Kxf3 Bb2 48. Ke4 Bc6+ 49. Kf5 Bxa3 50. Ke6 Bb4 51. Kxd6 Be8 52. Ne4 Bxh5 53. Nxc5 Bf3 54. Bc2 a5 55. Ba4 Be1 56. Ne6+ Kf6 57. c5 Bxg3+ 58. Kd7 Bg4 59. Bb3 a4 60. Bxa4 Bxe6+ 61. Kc6 h5 62. Bc2 Bf5 63. Bb3 Be4+ 64. Bd5 Ke5 0-1

[Event "Wch U20 Girls 39th"]
[Site "Mexico City"]
[Date "2023.09.23"]
[Round "4"]
[White "Destic, Elena"]
[Black "Ciolacu, Alessia Mihaela"]
[Result "0-1"]
[WhiteElo "1904"]
[BlackElo "2199"]
[PlyCount "138"]
[EventDate "2023.09.21"]
[EventType "swiss"]
[EventRounds "11"]
[EventCountry "MEX"]
[SourceTitle "EXT 2024"]
[Source "ChessBase"]
[SourceDate "2023.10.10"]
[SourceVersion "1"]
[SourceVersionDate "2023.10.10"]
[SourceQuality "1"]

1. e4 e5 2. Nf3 Nc6 3. d4 exd4 4. Nxd4 Nf6 5. Nxc6 bxc6 6. Nd2 Bc5 7. Nb3 Bb6 8. e5 Qe7 9. Qe2 Nd5 10. c4 Nb4 11. a3 Na6 12. Bd2 Rb8 13. Bc3 Bxf2+ 14. Qxf2 Rxb3 15. Bd3 d6 16. 0-0 dxe5 17. Bc2 Rxc3 18. bxc3 Qc5 19. Rfe1 f6 20. Qxc5 Nxc5 21. Rab1 Bb7 22. Be4 Ke7 23. Rb2 Ba6 24. Rd2 Bxc4 25. Bxc6 Rb8 26. Red1 e4 27. Rd4 Bd3 28. Rd5 Ne6 29. Rd7+ Kf8 30. Re1 Nc5 31. Rxc7 Rb3 32. Bd5 Rxc3 33. Rxa7 h5 34. Rf7+ Ke8 35. Rxg7 Rxa3 36. Rf7 Ra6 37. Rh7 Rd6 38. Rxh5 Kf8 39. Ba2 Nd7 40. Rh8+ Ke7 41. Rh7+ Kd8 42. Rh5 Ne5 43. h3 Ng6 44. Bd5 Nf4 45. Rh8+ Ke7 46. Bb7 f5 47. Rh7+ Kf6 48. Rc7 Kg5 49. Kf2 Rb6 50. h4+ Kh5 51. g4+ Kxh4 52. Rh1+ Nh3+ 53. Ke3 fxg4 54. Bxe4 Bxe4 55. Kxe4 Kg3 56. Rc3+ Kg2 57. Rhc1 Nf2+ 58. Kf4 Rf6+ 59. Kg5 Rf8 60. Kh4 Rh8+ 61. Kg5 g3 62. R1c2 Rg8+ 63. Kf4 Rf8+ 64. Kg5 Kh2 65. Kh6 g2 66. Rc1 Rh8+ 67. Kg5 Ne4+ 68. Kg4 Nxc3 69. Rc2 Kh1 0-1